|
|
|
|
| LEADER |
00000cam a2200000 a 4500 |
| 001 |
74012 |
| 003 |
Ucuenca |
| 005 |
20230308163218.0 |
| 008 |
000000|1964 sp |||||r|||||||||||spa|| |
| 040 |
|
|
|b spa
|
| 041 |
0 |
|
|a spa
|
| 082 |
0 |
|
|a 530
|
| 100 |
1 |
|
|9 32919
|a Mataix Plana, José Luis
|
| 245 |
|
|
|a Problemas de física
|c José Luis Mataix Plana
|h imp
|
| 264 |
|
|
|a Madrid
|b Edit. Dossat
|c 1964
|
| 300 |
|
|
|a 407 páginas:
|b gra
|c 21.5 cm
|
| 504 |
|
|
|a incl. ref.
|
| 650 |
1 |
0 |
|a Mecánica
|9 12473
|
| 650 |
1 |
0 |
|a Acústica
|9 12772
|
| 650 |
1 |
|
|a Calor
|9 32903
|
| 650 |
1 |
|
|a Gases
|9 32880
|
| 650 |
1 |
|
|a Optica
|9 32908
|
| 650 |
1 |
0 |
|a Electricidad
|9 12841
|
| 852 |
|
|
|a UC-CDJBV
|f Compra
|l 1
|m General
|p 00000000
|r 2
|t 74012
|b 0
|d CDRC
|e CDRC
|g 530 SEGUNDO PISO
|z 0000-00-00
|
| 942 |
|
|
|c BK
|
| 999 |
|
|
|c 20856
|d 20856
|